<?xml version="1.0" encoding="UTF-8"?><?xml-stylesheet type="text/xsl" href="static/style.xsl"?><OAI-PMH xmlns="http://www.openarchives.org/OAI/2.0/" xmlns:xsi="http://www.w3.org/2001/XMLSchema-instance" xsi:schemaLocation="http://www.openarchives.org/OAI/2.0/ http://www.openarchives.org/OAI/2.0/OAI-PMH.xsd"><responseDate>2026-06-02T10:39:30Z</responseDate><request verb="GetRecord" identifier="oai:riuma.uma.es:10630/29529" metadataPrefix="marc">https://riuma.uma.es/rest/oai/request</request><GetRecord><record><header><identifier>oai:riuma.uma.es:10630/29529</identifier><datestamp>2026-02-03T11:43:46Z</datestamp><setSpec>com_10630_2254</setSpec><setSpec>col_10630_37956</setSpec></header><metadata><record xmlns="http://www.loc.gov/MARC21/slim" xmlns:dcterms="http://purl.org/dc/terms/" xmlns:doc="http://www.lyncode.com/xoai" xmlns:xsi="http://www.w3.org/2001/XMLSchema-instance" xsi:schemaLocation="http://www.loc.gov/MARC21/slim http://www.loc.gov/standards/marcxml/schema/MARC21slim.xsd">
   <leader>00925njm 22002777a 4500</leader>
   <datafield ind2=" " ind1=" " tag="042">
      <subfield code="a">dc</subfield>
   </datafield>
   <datafield ind2=" " ind1=" " tag="720">
      <subfield code="a">González-Alegre, Juan</subfield>
      <subfield code="e">author</subfield>
   </datafield>
   <datafield ind2=" " ind1=" " tag="260">
      <subfield code="c">2022</subfield>
   </datafield>
   <datafield ind2=" " ind1=" " tag="520">
      <subfield code="a">El Fondo de Compensación Interterritorial es un instrumento de inversión pública. La discusión académica debería ir, por tanto, más enfocada al diseño de un instrumento de inversión potente y eficaz para desarrollar inversión productiva capaz de lograr un crecimiento más homogéneo en términos geográficos. Existen numerosos instrumentos fiscales similares en otros países, más allá de la propia Política de Cohesión de la Unión Europea, con una variada combinación de normativas que puede servir de campo de estudio en este sentido. Este trabajo considera diseños alternativos para el cálculo y reparto del Fondo de Compensación Interterritorial. El punto de partida es el modo en el que el legislador ha tratado el asunto de la convergencia en el Sistema de Financiación Autonómica y, tras examinar fortalezas y debilidades de ese sistema, se propone un sistema sencillo y estable basado únicamente en la vocación de convergencia del fondo, sin introducir otras correcciones. &#xd;
Se adjuntan simulaciones de cómo hubiera resultado el reparto del Fondo bajo las distintas alternativas durante el periodo 2000-2019, y se comparan con el reparto efectivo del Fondo experimentado durante este periodo. Esta simulación ha de ser útil para inspirar nuevas reformas, pero también para evaluar el rol de las distintas variables utilizadas en el pasado y la sensibilidad del reparto a los distintos criterios. La inclusión de variables y coeficientes de ponderación que no respondan, aunque sea de manera burda, a definir la variable objetivo o los costes para alcanzarla, además de incrementar la percepción de aleatoriedad o discrecionalidad, dificultan el proceso político para alcanzar consensos.</subfield>
   </datafield>
   <datafield ind1="8" ind2=" " tag="024">
      <subfield code="a">González-Alegre, Juan (2022). Propuesta de Revisión del Fondo de Compensación Interterritorial. Fundación Pública Andaluza Instituto de Estudios sobre la Hacienda Pública de Andalucía (IEHPA): Sevilla</subfield>
   </datafield>
   <datafield ind1="8" ind2=" " tag="024">
      <subfield code="a">978-84-09-37860-9</subfield>
   </datafield>
   <datafield ind1="8" ind2=" " tag="024">
      <subfield code="a">https://hdl.handle.net/10630/29529</subfield>
   </datafield>
   <datafield tag="653" ind2=" " ind1=" ">
      <subfield code="a">Andalucía - Política Regional</subfield>
   </datafield>
   <datafield tag="653" ind2=" " ind1=" ">
      <subfield code="a">Inversiones públicas</subfield>
   </datafield>
   <datafield tag="653" ind2=" " ind1=" ">
      <subfield code="a">Política fiscal</subfield>
   </datafield>
   <datafield ind2="0" ind1="0" tag="245">
      <subfield code="a">Propuesta de Revisión del Fondo de Compensación Interterritorial.</subfield>
   </datafield>
</record>
</metadata></record></GetRecord></OAI-PMH>